书目信息 |
| 题名: |
肾经及膀胱经疾病的自然疗法
|
|
| 作者: | 张德记, 著 | |
| 分册: | ||
| 出版信息: | 北京 中医古籍出版社 2017 |
|
| 页数: | 349页 | |
| 开本: | 24cm | |
| 丛书名: | 金口诀自然医学系列丛书 | |
| 单 册: | ||
| 中图分类: | R224.1 | |
| 科图分类: | ||
| 主题词: | 足少阴肾经--zu shao yin shen jing--疾病--自然疗法 , 足太阳膀胱经--zu tai yang bang guang jing--疾病--自然疗法 | |
| 电子资源: | ||
| ISBN: | 978-7-5152-1279-1 | |
| 000 | 01204nam 2200289 450 | |
| 001 | 012001000598 | |
| 005 | 20131106132643.0 | |
| 010 | @a978-7-5152-1279-1@dCNY55.00 | |
| 099 | @aCAL 012017131945 | |
| 100 | @a20170821d2017 em y0chiy50 ea | |
| 101 | 0 | @achi |
| 102 | @aCN@b110000 | |
| 105 | @aa z 000yy | |
| 106 | @ar | |
| 200 | 1 | @a肾经及膀胱经疾病的自然疗法@Ashen jing ji bang guang jing ji bing de zi ran liao fa@f张德记著 |
| 210 | @a北京@c中医古籍出版社@d2017 | |
| 215 | @a349页@c图@d24cm | |
| 225 | 2 | @a金口诀自然医学系列丛书@Ajin kou jue zi ran yi xue xi lie cong shu |
| 314 | @a张德记, 曾任中国人民解放军军事统筹学会谋略研究中心主任研究员。 | |
| 330 | @a本书共分为肾脏病 ; 膀胱病两部分, 其主要内容包括: 借自然医学分析研究肾脏病 ; 借自然医学 (子午流注补泻) 防与治肾脏病 ; 借自然医学 (经穴) 补泻与防治肾脏病 ; 借自然医学立体运动补泻与防治肾脏病等。 | |
| 410 | 0 | @12001 @a金口诀自然医学系列丛书 |
| 606 | 0 | @a足少阴肾经@Azu shao yin shen jing@x疾病@x自然疗法 |
| 606 | 0 | @a足太阳膀胱经@Azu tai yang bang guang jing@x疾病@x自然疗法 |
| 690 | @aR224.1@v5 | |
| 701 | 0 | @a张德记,@Azhang de ji@f1959-@4著 |
| 801 | 0 | @aCN@b北京卓展文化@c20191020 |
| 905 | @b1196454-8@dR224.1@e485@f5 | |
| 肾经及膀胱经疾病的自然疗法/张德记著.-北京:中医古籍出版社,2017 |
| 349页:图;24cm.-(金口诀自然医学系列丛书) |
| ISBN 978-7-5152-1279-1:CNY55.00 |
| 本书共分为肾脏病 ; 膀胱病两部分, 其主要内容包括: 借自然医学分析研究肾脏病 ; 借自然医学 (子午流注补泻) 防与治肾脏病 ; 借自然医学 (经穴) 补泻与防治肾脏病 ; 借自然医学立体运动补泻与防治肾脏病等。 |
| ● |
| 相关链接 |
|
|
|
|
正题名:肾经及膀胱经疾病的自然疗法
索取号:R224.1/485
 
预约/预借
| 序号 | 登录号 | 条形码 | 馆藏地/架位号 | 状态 | 备注 |
| 1 | 1196454 | 211964542 | 第二样本阅览室/ [索取号:R224.1/485] | 在馆 | |
| 2 | 1196455 | 211964551 | 第三借阅区/ [索取号:R224.1/485] | 在馆 | |
| 3 | 1196456 | 211964560 | 第三借阅区/ [索取号:R224.1/485] | 在馆 | |
| 4 | 1196457 | 211964579 | 第三借阅区/ [索取号:R224.1/485] | 在馆 | |
| 5 | 1196458 | 211964588 | 第三借阅区/ [索取号:R224.1/485] | 在馆 |